01016nam a2200229 a 450000100100000000500170001000800410002702000150006804000250008310000370010824501660014526000280031130000260033949000470036550400320041250000210044450400730046571000720053883000540061095201050066499900170076900004168720201002035713.0131018s1985 sp a 000 0 spa d a8400059700 aDO-SdBNPbspacBNPHU1 aRivera Garretas, Milagros96849710aLa encomienda, el priorato y la villa de Ucles en la Edad Media (1174-1310) :bFormación de un Señorío de la Orden de Santiago /cMilagros Rivera Garretas. aSevilla :bCSIC,c1985. aXVI, 558 p. ;c26 cm.1 aAnuario de estudios medievales.aAnejov15 aBibliografía : p. 363-374 aIncluye índice aIncluye referencias bibliográficas y notas al pie de las páginas2 aConsejo Superior de Investigaciones Científicas (España)915178 0aAnuario de estudios medievales.pAnejov15964050 001050718MOaGRbGRcCTd2013-10-15iLF1l0o p41687-10r2020-06-25w2020-06-25y1ZNo se presta c41177d41177